Sports Quiz

Random Sports or NBA Quiz

State By NBA Team Quiz Stats

Quiz not verified by Sporcle

Challenge
Share
Tweet
Embed
Score 0/25 Timer 02:00
0 Plays Today
Question Answer Wrong Answers
Lakers California
98.8%
Oregon
1.3%
Arizona
0%
Nevada
0%
Knicks New York
98.8%
New Jersey
1.3%
Pennsylvania
0%
Georgia
0%
Timberwolves Minnesota
98.8%
Michigan
1.3%
Georgia
0%
Florida
0%
Jazz Utah
98.8%
Arizona
0%
Nevada
0%
None of the Above
1.3%
Heat Florida
97.5%
Georgia
1.3%
Massachusetts
0%
California
1.3%
Pacers Indiana
96.3%
Illinois
0%
Georgia
2.5%
California
1.3%
Thunder Oklahoma
95%
Texas
0%
Georgia
2.5%
Montana
2.5%
Nuggets Colorado
95%
Arizona
2.5%
Ohio
2.5%
Washington
0%
Rockets Texas
93.8%
Oklahoma
0%
Arizona
2.5%
Kansas
3.8%
Hawks Georgia
91.3%
Florida
1.3%
North Carolina
7.5%
Michigan
0%
Nets New York
91.3%
Pennsylvania
7.5%
Alabama
1.3%
Louisiana
0%
Trail Blazers Oregon
90%
Maine
6.3%
Ohio
1.3%
Florida
1.3%
Cavaliers Ohio
90%
New York
1.3%
California
1.3%
Indiana
2.5%
Celtics Massachusetts
90%
New York
6.3%
Rhode Island
1.3%
Ohio
1.3%
76ers Pennsylvania
90%
California
1.3%
New Hampshire
5%
South Dakota
2.5%
Bulls Illinois
88.8%
Indiana
1.3%
New York
0%
Ohio
8.8%
Suns Arizona
87.5%
Illinois
3.8%
New York
0%
Massachusetts
7.5%
Spurs Texas
87.5%
Georgia
3.8%
Oklahoma
1.3%
Arizona
2.5%
Magic Florida
86.3%
Georgia
2.5%
New Jersey
3.8%
Alabama
1.3%
Hornets North Carolina
85%
Georgia
3.8%
Alaska
3.8%
Maryland
6.3%
Pelicans Louisiana
83.8%
North Carolina
3.8%
Illinois
11.3%
Florida
1.3%
Pistons Michigan
82.5%
New York
0%
Illinois
11.3%
Colorado
6.3%
Grizzlies Tennessee
80%
Georgia
2.5%
Ohio
0%
Indiana
1.3%
Kings California
77.5%
Oregon
7.5%
Washington
5%
New York
0%
Bucks Wisconsin
77.5%
Michigan
11.3%
Illinois
6.3%
Indiana
3.8%

You're not logged in!

Compare scores with friends on all Sporcle quizzes.
Join for Free
OR
Log In

You Might Also Like...

Show Comments

Extras

Created Jul 8, 2017ReportNominate
Tags:NBA Quiz, easy, Easy Game, team, US Sports

Top Quizzes Today


Score Distribution

Your Account Isn't Verified!

In order to create a playlist on Sporcle, you need to verify the email address you used during registration. Go to your Sporcle Settings to finish the process.

Report this User

Report this user for behavior that violates our Community Guidelines.

Details: